| 000 | 00744nam a2200277Ia 4500 | ||
|---|---|---|---|
| 001 | 58207 | ||
| 005 | 20230410130407.0 | ||
| 008 | 070820s2007 ag 000 0 spa d | ||
| 035 | _a(OCoLC)ocn166147930 | ||
| 040 |
_aXS# _cXS# |
||
| 020 | _a9789871220878 | ||
| 020 | _a9871220871 | ||
| 035 | _a(OCoLC)166147930 | ||
| 082 | 0 | 4 |
_a320.01 _bP183t _221 |
| 049 | _aGRAL | ||
| 050 | 1 | 4 | _aP183t 2007 |
| 100 | 1 | _aPalti, Elias José. | |
| 245 | 1 | 3 |
_aEl tiempo de la política : _bel siglo XIX reconsiderado / _cpor Elías J. Palti. |
| 260 |
_aArgentina : _bSiglo XXI, _c2007. |
||
| 300 | _a327 p. | ||
| 504 | _aIncluye bibliografía. | ||
| 650 | 4 | _aFilosofía política. | |
| 942 |
_2lcc _cbk |
||
| 994 |
_aC0 _bDRFGD |
||
| 946 | _acsexposito | ||
| 999 |
_c73904 _d73904 |
||